00369nam a2200109Ia 4500008004100000082001900041100001500060245004500075260004600120300000900166650008400175211119s9999||||xx |||||||||||||| ||und|| a370.115bPYL-V aPylee, M V 0aVidyabhyasa Prasnagal: Innale, Innu.Nale bSahityapravarthaka SangomaKottayamc1998 a296p aSocial SciencesvEducationEducational PsychologyEconomicsxPGR-GANDHIAN STUDIES